Estatísticas para Quiz do Vietnã

Clique aqui para jogar o quiz

Estatísticas Gerais

  • Esse quiz foi jogado 932 vezes
  • A pontuação média é 9 de 17

Estatísticas das Respostas

HintResposta% Correto
Países fazendo fronteira
com o Vietnã
Laos
91%
Países fazendo fronteira
com o Vietnã
China
90%
Países fazendo fronteira
com o Vietnã
Camboja
87%
CapitalHanói
86%
Segunda religião mais comum, depois
da "Religião Tradicional Vietnamita"
Budismo
77%
País que colonizou o VietnãFrança
73%
O único partido políticoPartido Comunista
71%
Grupo Sul Vietnamita que
lutaram contra os EUA
Vietcongues
54%
Cidade mais populosaCidade de Ho Chi Minh
51%
O Vietnã está nessa penínsulaIndochina
47%
Antigo nome da cidadeSaigon
39%
Qual tipo de comida é o pho?Sopa
34%
Rio no sul do VietnãRio Mekong
33%
MoedaDong
22%
Baía composta com cerca de
2000 ilhas
Baía de Ha {Long}
17%
Rio no norte do VietnãRio Vermelho
17%
Ano-Novo VietnamitaTet
17%

Distribuição das Pontuações

Percentil de Números Respondidos

Porcentagem de Pessoas com Cada Pontuação

Sua Pontuação Histórica

Você não jogou esse quiz